00557nam a22001933i 4500003000400000005001700004008004100021020001800062040000900080100003100089245005500120264003900175300003400214490003100248650001300279650003800292776001800330776001500348OSt20260123140806.0241010s2024 xx o ||||0 spa d a9788411660945 ccdmr1 aSidorenko Bautista, Pavel.10aHacia una Comunicación Accesible en el Metaverso 1aBarcelona :bEditorial UOC,c2024. a1 online resource (114 pages)1 aEPI Scholar Series ;vv.15 0aMetavers 0aMitjans de comunicació digitals08z978841166093808z8411660931